000
00343nam a2200145Ia 4500
003
OSt
005
20240409113338.0
008
170524s9999 xx 000 0 und d
020
_a
NIL
040
_c
iimt university, meerut
100
_a
VEHASQUEI
245
0
_a
BUSINESS INFORMATION TECHNOLOGY
260
_a
TATA MC GRAW HILL
942
_2
ddc
_c
02
999
_c
2048
_d
2048